Moscow and the Golden Ring (Record no. 627)

000 -LEADER
fixed length control field 00758nam a22002657a 4500
005 - DATE AND TIME OF LATEST TRANSACTION
control field 20210421060449.0
008 - FIXED-LENGTH DATA ELEMENTS--GENERAL INFORMATION
fixed length control field 201215s1995 ||||| |||| 00| 0 eng d
020 ## - INTERNATIONAL STANDARD BOOK NUMBER
International Standard Book Number 9622173918
020 ## - INTERNATIONAL STANDARD BOOK NUMBER
International Standard Book Number 9789622173910
040 ## - CATALOGING SOURCE
Original cataloging agency eng
Transcribing agency DLC
Modifying agency eng
041 ## - LANGUAGE CODE
Language code of text/sound track or separate title eng
080 ## - UNIVERSAL DECIMAL CLASSIFICATION NUMBER
Universal Decimal Classification number 008
Item number N-78
100 ## - MAIN ENTRY--PERSONAL NAME
9 (RLIN) 492
Personal name Nordbye, Masha
245 ## - TITLE STATEMENT
Title Moscow and the Golden Ring
Remainder of title : Odyssey Illustrated Guide to Moscow
Statement of responsibility, etc. / by: Odyssey
250 ## - EDITION STATEMENT
Edition statement 3rd edition
260 ## - PUBLICATION, DISTRIBUTION, ETC.
Place of publication, distribution, etc. London
Name of publisher, distributor, etc. Odyssey
Date of publication, distribution, etc. 1995
300 ## - PHYSICAL DESCRIPTION
Extent 320 p.
Other physical details ill.
365 ## - TRADE PRICE
Price amount 9.95 gbp
650 #0 - SUBJECT ADDED ENTRY--TOPICAL TERM
9 (RLIN) 493
Topical term or geographic name entry element Culture
650 #0 - SUBJECT ADDED ENTRY--TOPICAL TERM
9 (RLIN) 494
Topical term or geographic name entry element Russian Culture
653 ## - INDEX TERM--UNCONTROLLED
Uncontrolled term კულტურა
653 ## - INDEX TERM--UNCONTROLLED
Uncontrolled term რუსული კულტურა
700 ## - ADDED ENTRY--PERSONAL NAME
9 (RLIN) 495
Personal name Lanza, Patricia
Relator term Photographer
942 ## - ADDED ENTRY ELEMENTS (KOHA)
Source of classification or shelving scheme
Koha item type Books
Edition 3
Holdings
Withdrawn status Lost status Source of classification or shelving scheme Damaged status Not for loan Permanent location Current location Date acquired Inventory number Total Checkouts Full call number Barcode Date last seen Price effective from Koha item type
          Ken Walker International University Ken Walker International University 12/15/2020 843   008 N-78 843 12/15/2020 12/15/2020 Books

Powered by Koha